Catálogo

Vista normal Vista MARC

Entrada Personal Name

Número de registros utilizados en: 3

001 - CONTROL NUMBER

  • control field: 17156

003 - CONTROL NUMBER IDENTIFIER

  • control field: DLC

005 - DATE AND TIME OF LATEST TRANSACTION

  • control field: 20250606112547.0

008 - FIXED-LENGTH DATA ELEMENTS

  • fixed length control field: 801027n| azannaabn |a aaa

010 ## - LIBRARY OF CONGRESS CONTROL NUMBER

  • LC control number: n 50050826

035 ## - SYSTEM CONTROL NUMBER

  • System control number: (OCoLC)oca00085844

040 ## - CATALOGING SOURCE

  • Original cataloging agency: DLC
  • Language of cataloging: spa
  • Description conventions: rda
  • Transcribing agency: Mx-PuUPA
  • Modifying agency: OCoLC
  • Modifying agency: DLC
  • Modifying agency: ICU
  • Modifying agency: Mx-PuUPA

046 ## - SPECIAL CODED DATES

  • Birth date: 1766
  • Death date: 1824

100 1# - HEADING--PERSONAL NAME

  • Personal name: Maine de Biran, Pierre,
  • Dates associated with a name: 1766-1824

370 ## - ASSOCIATED PLACE

  • Place of birth: Bergerac (Francia)
  • Place of death: París, Francia

372 ## - FIELD OF ACTIVITY

  • Field of activity: Derecho civil y canónico

373 ## - ASSOCIATED GROUP

  • Associated group: Universidad de politiers

374 ## - OCCUPATION

  • Occupation: Autor
  • Occupation: Filósofo y psicólogo francés

375 ## - GENDER

  • Gender: mujer

377 ## - ASSOCIATED LANGUAGE

  • Language code: fre

378 ## - FULLER FORM OF PERSONAL NAME

  • Fuller form of personal name: Marie-François-Pierre Gonthier de Biran

400 1# - SEE FROM TRACING--PERSONAL NAME

  • Personal name: Bīrān, Faransiwā-Biyīr-Jūntiyīh dī,
  • Dates associated with a name: 1766-1824

400 1# - SEE FROM TRACING--PERSONAL NAME

  • Personal name: Biran, François-Pierre-Gontier de,
  • Dates associated with a name: 1766-1824

400 1# - SEE FROM TRACING--PERSONAL NAME

  • Personal name: Biran, Marie François Pierre Gonthier Maine de,
  • Dates associated with a name: 1766-1824

400 1# - SEE FROM TRACING--PERSONAL NAME

  • Personal name: Biran, Pierre Maine de,
  • Dates associated with a name: 1766-1824

400 1# - SEE FROM TRACING--PERSONAL NAME

  • Personal name: De Biran, Marie François Pierre Gonthier Maine,
  • Dates associated with a name: 1766-1824

400 1# - SEE FROM TRACING--PERSONAL NAME

  • Personal name: De Biran, Pierre Maine,
  • Dates associated with a name: 1766-1824

400 1# - SEE FROM TRACING--PERSONAL NAME

  • Personal name: Gonthier Maine de Biran, Marie François Pierre,
  • Dates associated with a name: 1766-1824

400 1# - SEE FROM TRACING--PERSONAL NAME

  • Personal name: Maine de Biran, Marie François Pierre Gonthier,
  • Dates associated with a name: 1766-1824

400 1# - SEE FROM TRACING--PERSONAL NAME

  • Personal name: Maine de Biran, P.
  • Fuller form of name: (Pierre),
  • Dates associated with a name: 1766-1824

400 1# - SEE FROM TRACING--PERSONAL NAME

  • Personal name: Mīn dī Bīrān,
  • Dates associated with a name: 1766-1824

670 ## - SOURCE DATA FOUND

  • Source citation: His Influence de l'habitude ... 1803.

670 ## - SOURCE DATA FOUND

  • Source citation: Shārūnī, H. Falsafat Mīn dī Bīrān, 1982:
  • Information found: t.p. (Mīn dī Bīrān) p. 3 (Faransiwā-biyīr-Jūntiyīh dī Bīrān; François-Pierre-Gontier de Biran)